[Event "IECC CL4-2008.12 email"]
[Site "IECC email"]
[Date "2008.12.03"]
[Round "?"]
[White "Hoffeldt, Herman John"]
[Black "Bottoni, Carlo"]
[Result "0-1"]
[WhiteElo "1593"]
[BlackElo "1662"]
[PlyCount "28"]
[EventDate "2008.??.??"]
[EventType "tourn (corr)"]
[EventRounds "4"]
[SourceTitle "Corr 2013"]
[Source "ChessBase"]
[SourceDate "2012.11.12"]
[SourceVersion "1"]
[SourceVersionDate "2012.11.12"]
[SourceQuality "1"]
[WhiteTeam "Ireland"]
[BlackTeam "Italy"]
[WhiteTeamCountry "IRL"]
[BlackTeamCountry "ITA"]

1. e4 e5 2. Nc3 Nf6 3. f4 d5 4. exd5 Nxd5 5. Nxd5 Qxd5 6. fxe5 Nc6 7. Nf3 Bg4 8. c4 Qe6 9. d4 Bxf3 10. gxf3 Rd8 11. Be3 Bc5 12. f4 Bxd4 13. Bxd4 Rxd4 14. Qb3 Qf5 0-1